| 000 | 01376cam a2200325 a 4500 | ||
|---|---|---|---|
| 001 | 2615487 | ||
| 003 | OSt | ||
| 005 | 20231013133843.0 | ||
| 008 | 980520s1999 nyua b 001 0 eng | ||
| 010 | _a 98024461 | ||
| 020 | _a047131627X (cloth : alk. paper) | ||
| 040 |
_aDLC _cDDC _dDLC |
||
| 050 | 0 | 0 |
_aTK7871 _b.L58 1999 |
| 082 | 0 | 0 | _a620.112 LIV 1999. |
| 100 | 1 |
_aEdited by Livingston,James D. _915014 |
|
| 245 | 1 | 0 | _aElectronic Properties of Engineering Materials. |
| 260 |
_aNew York; _bWiley, _cc1999. |
||
| 300 |
_axiv,320p. _bill. ; _c25cm. |
||
| 490 | 1 | _aMIT series in materials science & engineering | |
| 504 | _aIncludes; bibliographical references and index. | ||
| 650 | 0 |
_aEngineering _9373 |
|
| 830 | 0 |
_aMIT series in materials science and engineering. _915015 |
|
| 856 | 4 | 2 |
_3Contributor biographical information _uhttp://www.loc.gov/catdir/bios/wiley041/98024461.html |
| 856 | 4 | 2 |
_3Publisher description _uhttp://www.loc.gov/catdir/description/wiley032/98024461.html |
| 856 | 4 |
_3Table of Contents _uhttp://www.loc.gov/catdir/toc/onix03/98024461.html |
|
| 906 |
_a7 _bcbc _corignew _d1 _eocip _f19 _gy-gencatlg |
||
| 942 |
_2ddc _cO_SHELF |
||
| 999 |
_c7327 _d7327 |
||